|
|
|
|
| LEADER |
01145nam a2200289 a 4500 |
| 001 |
2597669 |
| 008 |
120124s1997 caua 001 0 eng |
| 010 |
|
|
|a 97019421
|
| 020 |
|
|
|a 0942364252 (pbk. : alk. paper)
|
| 040 |
|
|
|a DLC
|c DLC
|d DLC
|d BD-DhAAL
|
| 050 |
0 |
0 |
|a RA564.85
|b .W46 1997
|
| 082 |
0 |
0 |
|a 613/.04244
|2 21
|
| 245 |
0 |
0 |
|a Where women have no doctor :
|b a health guide for women /
|c A. August Burns ... [et al.] ; editor Sandy Niemann ; assistant editor, Elena Metcalf.
|
| 250 |
|
|
|a 1st ed.
|
| 260 |
|
|
|a Berkeley, Calif., USA :
|b The Hesperian Foundation,
|c c1997.
|
| 300 |
|
|
|a 583 p. :
|b ill.
|c 25 cm.
|
| 504 |
|
|
|a Includes index.
|
| 541 |
|
|
|e 00024344
|
| 650 |
|
0 |
|a Women
|x Health and hygiene.
|
| 650 |
|
0 |
|a Women's health services.
|
| 650 |
|
0 |
|a Community health aides.
|
| 650 |
|
0 |
|a Medicine, Popular.
|
| 700 |
1 |
|
|a Burns, A. August
|q (Arlene August),
|d 1952-
|
| 700 |
1 |
|
|a Niemann, Sandy.
|
| 852 |
1 |
|
|a James P Grant School of Public Health
|c General Shelf.
|
| 999 |
|
|
|c 11814
|d 11814
|
| 952 |
|
|
|0 0
|1 0
|2 ddc
|4 0
|6 613_042440000000000_WHE
|7 0
|9 19263
|a JPGSPH
|b JPGSPH
|c GEN
|d 2012-01-19
|l 0
|o 613.04244 WHE
|p 3060024344
|r 2012-01-24
|t 1
|w 2012-01-24
|y BK
|